000 00310nam a2200121Ia 4500
008 220214s9999 xx 000 0 und d
100 _aWang Shih Chi
245 0 _aBotanochemicals: Supplement to petrochemicals
260 _bEconomic Botany
_c1981
300 _a369-382
700 _aHuffman J.B.
942 _cRE
999 _c45906
_d45906